Tratado de psicología general /
Guardado en:
| Autor Principal: | |
|---|---|
| Formato: | Libro |
| Publicado: |
Buenos Aires :
Libreria del Colegio,
1949
|
| Materias: | |
| Etiquetas: |
Agregar Etiqueta
Sin Etiquetas, Sea el primero en etiquetar este registro!
|
| LEADER | 01148nam a22001815a 4500 | ||
|---|---|---|---|
| 001 | CEM.cems000313 | ||
| 005 | 20061013183352.0 | ||
| 008 | 130507s1949##################000#0#####d | ||
| 003 | CEMS | ||
| 082 | 0 | 4 | |a 150 |
| 100 | 1 | |a Acuña, Víctor M. | |
| 245 | 1 | 0 | |a Tratado de psicología general / |c Víctor M. Acuña |
| 260 | |a Buenos Aires : |b Libreria del Colegio, |c 1949 | ||
| 300 | |a 340 p. | ||
| 505 | 0 | |a La voluntad -- Las tendencias -- Temperamento y carácter -- El alma -- Acepciones y caracterizaciones dadas por las psicología -- La personalidad: sus elementos -- La estructura del espíritu y sus conecciones con los grandes sectores de la cultura -- Significación específica de las edades del hombre -- Los tipos humanos según las grandes direcciones del espíritu -- La personalidad -- La conducta -- Origen de la formación mental -- La personalidad social -- Los ideales -- La estructura y representación psíquica social -- Las costumbres -- La transformación mental de la sociedad -- Diferencia entre personalidades sociales | |
| 653 | |a Psicología | ||
| 653 | |a Psicología social | ||
| 859 | |a CEMS |b BIB. CEMS - 11 de abril |h 150 |i Ac93 |p 5105.76 |t Ej.1 | ||
